Mapping coastal aquaculture and fisheries structures by satellite imaging radar: Case study of the Lingayen Gulf, the Philippines
Đã lưu trong:
| 格式: | 圖書 |
|---|---|
| 語言: | Undetermined |
| 出版: |
Rome, Italy
FAO
2004
|
| 主題: | |
| 標簽: |
添加標簽
沒有標簽, 成為第一個標記此記錄!
|
| Thư viện lưu trữ: | Trung tâm Học liệu Trường Đại học Cần Thơ |
|---|
| LEADER | 00577nam a2200181Ia 4500 | ||
|---|---|---|---|
| 001 | CTU_69603 | ||
| 008 | 210402s9999 xx 000 0 und d | ||
| 082 | |a 639.8 | ||
| 082 | |b M297 | ||
| 245 | 0 | |a Mapping coastal aquaculture and fisheries structures by satellite imaging radar: | |
| 245 | 0 | |b Case study of the Lingayen Gulf, the Philippines | |
| 245 | 0 | |c Carlo Travalia ... [et al.] | |
| 260 | |a Rome, Italy | ||
| 260 | |b FAO | ||
| 260 | |c 2004 | ||
| 650 | |a Fishery management,Mariculture | ||
| 904 | |i Minh, Năm | ||
| 980 | |a Trung tâm Học liệu Trường Đại học Cần Thơ | ||